• 首页
  • 本馆介绍
  • 公告通知
  • 最新文献
  • 馆藏检索
  • 电子资源
  • 读者导购
  • 参考咨询
  • 我的图书馆
  • 登录
  • 详细信息显示
  • 放入我的书架
  • 预约/预借图书
  • 作者相关作品
  • 分类相关作品
  • 丛书相关作品
  • 出版社相关作品

书目信息

  • 表格格式
  • 工作单格式
  • 卡片格式
题名:
社会工作教学案例精选
    
 
作者: 赵一红 主编
分册:  
出版信息: 北京   社会科学文献出版社  2020
页数: 269页
开本: 24cm
丛书名:
单 册:
中图分类: C916.2
科图分类:
主题词: 社会工作--she hui gong zuo--教案(教育)--高等学校
电子资源:
ISBN: 978-7-5201-6823-6
000 01463nam0 2200265 450
001 2159259558
005 20210926145337.0
010    @a978-7-5201-6823-6@dCNY98.00
100    @a20200925d2020 em y0chiy0120 ea
101 0  @achi
102    @aCN@b110000
105    @aak az 000yy
106    @ar
200 1  @a社会工作教学案例精选@Ashe hui gong zuo jiao xue an li jing xuan@dSelected teaching cases in social work@f赵一红主编@zeng
210    @a北京@c社会科学文献出版社@d2020
215    @a269页@c图@d24cm
314    @a赵一红,教授,博士研究生导师,中国社会科学院大学文法学院院长,为享受国务院政府特殊津贴专家,兼任教育部高等学校社会学类专业教学指导委员会委员、全国社会工作专业学位研究生教育指导委员会委员、中国社会工作学会副会长。
320    @a有书目
330    @a我国社会工作专业硕士教育起步较晚,各个大学对于社会工作专业硕士教育从课程设置到教学实践都在探索之中。尤其是对于教学过程中的案例使用,如何使之更好地融入教材与课堂教学、使学生在短时间内获得最大收益,是考验每一位任课老师的核心问题。鉴于此,我们编辑了这本教学案例集。本书突出应用导向,力图增强学生应用理论知识解决实际问题的能力。书中的案例材料均来源于每位任课教师的实务经验与科研实践,展现了中国社会科学院大学社工教育者对于案例教学方法的探索与思考。
510 1  @aSelected teaching cases in social work@zeng
606 0  @a社会工作@Ashe hui gong zuo@x教案(教育)@x高等学校
690    @aC916.2@v5
701  0 @a赵一红@Azhao yi hong@4主编
801  0 @aCN@b百万庄@c20210926
905    @b1299460-63@dC916.2@e1764@f4
    
    社会工作教学案例精选=Selected teaching cases in social work/赵一红主编.-北京:社会科学文献出版社,2020
    269页:图;24cm
    
    
    ISBN 978-7-5201-6823-6:CNY98.00
    我国社会工作专业硕士教育起步较晚,各个大学对于社会工作专业硕士教育从课程设置到教学实践都在探索之中。尤其是对于教学过程中的案例使用,如何使之更好地融入教材与课堂教学、使学生在短时间内获得最大收益,是考验每一位任课老师的核心问题。鉴于此,我们编辑了这本教学案例集。本书突出应用导向,力图增强学生应用理论知识解决实际问题的能力。书中的案例材料均来源于每位任课教师的实务经验与科研实践,展现了中国社会科学院大学社工教育者对于案例教学方法的探索与思考。
●
相关链接 在E读中查询图书 在五车中查询图书 在当当中查询图书 在豆瓣中查询图书


正题名:社会工作教学案例精选     索取号:C916.2/1764         预约/预借

序号 登录号 条形码 馆藏地/架位号 状态 备注
1 1299460   212994606   第一样本阅览室/ [索取号:C916.2/1764] 在馆    
2 1299461   212994615   第一借阅区/ [索取号:C916.2/1764] 在馆    
3 1299462   212994624   第一借阅区/ [索取号:C916.2/1764] 在馆    
4 1299463   212994633   第一借阅区/ [索取号:C916.2/1764] 在馆    
唐山师范学院图书馆 欢迎您!
大连网信软件有限公司© 版权所有